000 01974cam a22004814i 4500
003 PE-LiUPU
005 20250731173305.0
008 150625s2003 sp rb 000 0 spa d
020 _a8482672770
035 _a(Sirsi) i9788482672779
040 _aPE-LiUPU
_bspa
_cPE-LiUPU
_erda
049 _aPRUA
082 0 4 _a215
_bL45
_221
100 1 _aLennox, John C.,
_eautor.
245 1 1 _a¿Ha enterrado la ciencia a Dios? /
_cJohn C. Lennox.
264 1 _aBarcelona :
_bClie,
_c2003.
300 _a141 páginas ;
_c23 centímetros.
336 _atext
_2rdacontent
337 _aunmediated
_2rdamedia
338 _avolume
_2rdacarrier
490 0 _aCristianismo Contemporáneo ;
_v8
504 _aIncluye referencias bibliográficas.
505 0 _aIntroducción a la colección -- La zona de conflicto: ¿Ciencia contra teología o naturalismo contra teísmo? -- Naturaleza y ámbito de la ciencia -- ¿Un universo de diseño? -- ¿Una biosfera de diseño? -- Complejidad e información -- ¿Está de veras ciego el relojero? -- Naturaleza y ámbito de la evolución -- El mono mecanógrafo: ¿Azar domesticado sin inteligencia? -- ¿Para qué estamos aquí?.
526 _aSEG42
526 _aSEG41
526 _aSEG40
526 _aSEG39
526 _aP94
526 _aP87
526 _aP86
526 _aP85
526 _aP77
526 _aP76
526 _aP35
541 _g001-0014804;
650 0 4 _aEvolución.
_9946
650 0 4 _aReligión y ciencia.
942 _2ddc
_cBOOK
949 _a215 L45
_wDEWEY
_c1
_i55774
_d2016-10-16
_e2016-10-13
_lCCODEBUL1
_mBUL
_n5
_p4.00
_r0
_sY
_tBOOK
_u2015-6-25
_xTEOLOGIA
_zUNKNOWN
_0COMPRA
_o.STAFF. Colección General
994 _aC0
_bPEPRU
596 _a1
999 _a215 L45
_wDEWEY
_c44651
_i55774
_d44651
_e2018-8-28
_f2021-11-9
_g5
_lCCODEBUL1
_mBUL
_n6
_p4.00
_q7
_r0
_sY
_tBOOK
_u2015-6-25
_xTEOLOGIA
_PP35
_0COMPRA
_o.STAFF. Colección Teología
980 _81
_gALBERTO SANCHEZ Responsable de Automatización